<The> impact of knowledge economy on income inequality dizertačná práca
Salvato in:
| Autore principale: | |
|---|---|
| Ente Autore: | |
| Altri autori: | |
| Natura: | Libro |
| Lingua: | inglese |
| Pubblicazione: |
Bratislava
2016
|
| Soggetti: | |
| Tags: |
Nessun Tag, puoi essere il primo ad aggiungerne!!
|
MARC
| LEADER | 00000nbm a2200000 4500 | ||
|---|---|---|---|
| 001 | 0226048 | ||
| 005 | 20240502073718.6 | ||
| 041 | 0 | |a eng | |
| 044 | |a SK | ||
| 245 | 1 | 0 | |a <The> impact of knowledge economy on income inequality |b dizertačná práca |c Gábor Szüdi ; školiteľ: Mária Antalová |
| 264 | 1 | |a Bratislava |c 2016 | |
| 300 | |a 147 s. | ||
| 610 | 2 | 0 | |a ekonomika znalostná |
| 610 | 2 | 0 | |a príjmy |
| 610 | 2 | 0 | |a príjmy obyvateľstva |
| 610 | 2 | 0 | |a príjmy peňažné |
| 610 | 2 | 0 | |a príjmy domácností |
| 610 | 2 | 0 | |a analýza regresná |
| 100 | 1 | |a Szüdi, Gábor | |
| 700 | 1 | |a Antalová, Mária, 1952- | |
| 710 | 2 | |a Národohospodárska fakulta EU. Katedra sociálneho rozvoja a práce | |